|
|
|
|
| LEADER |
00000nam0a2200000 4500 |
| 001 |
280218 |
| 005 |
20231101235302.0 |
| 035 |
|
|
|a (RuTPU)RU\TPU\book\303527
|
| 090 |
|
|
|a 280218
|
| 100 |
|
|
|a 20141226d1986 k y0rusy50 ca
|
| 101 |
0 |
|
|a rus
|
| 102 |
|
|
|a RU
|
| 105 |
|
|
|a a z 101zy
|
| 200 |
1 |
|
|a Вибрационная техника
|e материалы семинара
|f Московский Дом научно-технической пропаганды ; Общество "Знание" РСФСР
|
| 210 |
|
|
|a Москва
|c [Б. и.]
|d 1986
|
| 215 |
|
|
|a 115 с.
|c ил.
|
| 320 |
|
|
|a Библиография в конце статей
|
| 606 |
1 |
|
|a Вибрационная техника
|2 stltpush
|3 (RuTPU)RU\TPU\subj\2444
|9 31015
|
| 610 |
1 |
|
|a машины
|
| 610 |
1 |
|
|a вибрационные приводы
|
| 610 |
1 |
|
|a продукция
|
| 610 |
1 |
|
|a качество
|
| 610 |
1 |
|
|a вибрационный контроль
|
| 610 |
1 |
|
|a вибрация
|
| 610 |
1 |
|
|a виброметрия
|
| 610 |
1 |
|
|a виброизмерительная аппаратура
|
| 675 |
|
|
|a 62-868(063)
|v 4
|
| 712 |
0 |
2 |
|a Московский Дом научно-технической пропаганды
|2 stltpush
|3 (RuTPU)RU\TPU\col\7885
|9 24405
|
| 712 |
0 |
2 |
|a Общество "Знание" РСФСР
|c (Москва)
|2 stltpush
|3 (RuTPU)RU\TPU\col\7484
|
| 801 |
|
1 |
|a RU
|b 63413507
|c 20141226
|
| 801 |
|
2 |
|a RU
|b 63413507
|c 20180207
|g RCR
|
| 942 |
|
|
|c BK
|